Footballers by nationality - Statistics

General Stats
  • This quiz has been taken 53 times
  • The average score is 27 of 33
Answer Stats
Hint Answer % Correct
Gerd Müller Germany
100%
Ronaldinho Brazil
96%
David Beckham England
96%
Marco van Basten Netherlands
96%
Zinedine Zidane France
92%
Ferenc Puskás Hungary
92%
Hidetoshi Nakata Japan
92%
Lionel Messi Argentina
90%
Erling Haaland Norway
90%
Zlatan Ibrahimović Sweden
90%
Gianluigi Buffon Italy
88%
Samuel Eto'o Cameroon
85%
George Best Northern Ireland
85%
Robert Lewandowski Poland
85%
Andriy Shevchenko Ukraine
85%
Arturo Vidal Chile
81%
Luís Figo Portugal
81%
Diego Forlán Uruguay
81%
Gheorghe Hagi Romania
79%
Raúl Spain
79%
Alex Morgan (Female) USA
79%
Javier Hernández Mexico
77%
Kenny Dalglish Scotland
77%
Hristo Stoichkov Bulgaria
75%
Carlos Valderrama Columbia
73%
Michael Laudrup Denmark
71%
Jari Litmanen Finland
71%
George Weah Liberia
71%
Milan Baroš Czechia
69%
Emmanuel Amunike Nigeria
69%
Romerito Paraguay
63%
Angelos Basinas Greece
60%
El Hadji Diouf Senegal
56%
No matching quizzes found
Score Distribution
Percent of People with Each Score
Percentile by Number Answered
Your Score History
You have not taken this quiz